000 01003nam0a22002531 4500
001 rc\423201
005 20260407103342.0
035 _a(NLR Aleph) 005670590
090 _a6970142
_c6970142
100 _a20030616d1987 |||y0rusy50 ca
101 0 _arus
102 _aRU
105 _ay |||||||||
200 1 _aДиалектика субъекта и объекта в научном познании
_e[Сб. ст.]
_fТашк. гос. пед. ин-т им. Низами
_g[Отв. ред. Ж. Туленов]
210 _aТашкент
_cТашк. ГПИ
_d1987 (1988)
215 _a172 с.
_d21
320 _aБиблиогр.: с. 161-171
702 1 _aТуленов
_bЖ.Т.
_gЖандар Туленович
_4340
712 0 2 _aТашкентский государственный педагогический институт им. Низами
_3RU\NLR\AUTH\889932097
_9359537
801 0 _aRU
_bNLR
_gpsbo
801 1 _aRU
_bELAR
_2rusmarc
852 _aNLR
_j88-3/10454
942 _cBOOK
980 _aNB